00654nam a2200181 a 450000100100000000500170001000800410002702000150006804000250008310000310010824501010013925000120024026000410025230000210029370000360031495201050035099900170045500003964420201002033644.0130712s1983 mx 000 0 spa d a9681501519 aDO-SdBNPbspacBNPHU1 aNietzsche Friedrich94443113aEl crepúsculo de los ídolos /cFriedrich Nietzsche ;traducción de Pedro González Blanco. a3a. ed. aMéxico :bMexicanos Unidos,c1983. a182 p. ;c18 cm.1 agonzález Blanco, Pedro944950 001050718MOaGRbGRcCTd2013-07-12iLF1l0o p39644-10r2020-06-25w2020-06-25y1ZNo se presta c39134d39134